[Event "DSOL 2021"]
[Site "Germany"]
[Date "2021.03.25"]
[Round "7.1"]
[White "Moeller, David"]
[Black "Ratering, Jona"]
[Result "1/2-1/2"]
[WhiteElo "2126"]
[BlackElo "2140"]
[Annotator "TA"]
[PlyCount "59"]
[EventDate "2021.01.18"]
[EventType "team-tourn"]
[EventCountry "GER"]
[SourceTitle "playchess.com"]
[Source "ChessBase"]
[SourceQuality "1"]

1. e4 c5 2. Nf3 Nc6 3. d4 cxd4 4. Nxd4 Nf6 5. Nc3 e5 6. Ndb5 d6 7. Bg5 a6 8. Na3 b5 9. Nd5 Be7 10. Bxf6 Bxf6 11. c3 O-O 12. Nc2 Rb8 13. Bd3 Bg5 14. h4 Bh6 15. a4 bxa4 16. Ra2 a5 17. Nce3 Bd7 18. Bc2 Bxe3 19. Nxe3 Be6 20. Nd5 Ne7 21. Bxa4 Nxd5 22. exd5 Bd7 23. Bxd7 Qxd7 24. O-O f5 25. Qe2 f4 26. f3 Qb5 27. Qxb5 Rxb5 28. c4 Rc5 29. Rfa1 Rxc4 30. Rxa5 1/2-1/2

[Event "DSOL 2021"]
[Site "Germany"]
[Date "2021.03.26"]
[Round "7.1"]
[White "Lamby, Philipp"]
[Black "Keyser, Robin"]
[Result "1-0"]
[WhiteElo "2123"]
[BlackElo "2070"]
[Annotator "TA"]
[PlyCount "52"]
[EventDate "2021.01.18"]
[EventType "team-tourn"]
[EventCountry "GER"]
[SourceTitle "playchess.com"]
[Source "ChessBase"]
[SourceQuality "1"]
[WhiteTeam "Aachener SV"]
[BlackTeam "SK Johanneum Eppendorf III"]

1. e4 c5 2. d4 cxd4 3. c3 g6 4. Bc4 Bg7 5. Nf3 Nc6 6. cxd4 d6 7. Nc3 Nf6 8. d5 Ne5 9. Nxe5 dxe5 10. O-O O-O 11. Qb3 a6 12. a4 Nd7 13. Be3 b6 14. Qb4 Qc7 15. Be2 Nc5 16. a5 Qd6 17. axb6 Nxe4 18. Qxe4 f5 19. Qc4 f4 20. Bc5 Qf6 21. Ne4 Qh4 22. d6+ e6 23. f3 Rf5 24. Bf2 Qh6 25. Qc7 Rh5 26. Qd8+ Bf8 1-0

[Event "DSOL 2021"]
[Site "Germany"]
[Date "2021.03.25"]
[Round "7.1"]
[White "Weise, Martin"]
[Black "Lesny, Florian"]
[Result "1/2-1/2"]
[WhiteElo "2090"]
[BlackElo "2180"]
[Annotator "TA"]
[PlyCount "91"]
[EventDate "2021.01.18"]
[EventType "team-tourn"]
[EventCountry "GER"]
[SourceTitle "playchess.com"]
[Source "ChessBase"]
[SourceQuality "1"]

1. c4 e6 2. Nf3 d5 3. e3 Nf6 4. b3 Be7 5. Bb2 O-O 6. Nc3 b6 7. cxd5 Nxd5 8. Nxd5 Qxd5 9. Bc4 Qd8 10. Qc2 Bb7 11. h4 h6 12. Rh3 Bxf3 13. gxf3 Bf6 14. Rg3 Nd7 15. Ke2 Bxb2 16. Qxb2 Qf6 17. Qxf6 Nxf6 18. Rag1 Nh5 19. Rg4 Rfd8 20. Rc1 c5 21. Ba6 Nf6 22. Ra4 Rd6 23. a3 Rad8 24. Rc2 Rb8 25. Bd3 a5 26. f4 Rbd8 27. Bb5 Nd5 28. Ba6 Nc7 29. Bb7 Nb5 30. Bf3 Rd3 31. Rb2 f5 32. Ke1 R3d6 33. b4 axb4 34. axb4 Nc7 35. bxc5 bxc5 36. Ra7 Ne8 37. Bh5 Nf6 38. Bg6 Ne4 39. Rbb7 Rxd2 40. Rxg7+ Kh8 41. Rh7+ Kg8 42. Rag7+ Kf8 43. Rf7+ Kg8 44. Rfg7+ Kf8 45. Rf7+ Kg8 46. Rfg7+ 1/2-1/2

[Event "DSOL 2021"]
[Site "Germany"]
[Date "2021.03.25"]
[Round "7.1"]
[White "Kleinschroth, Roland"]
[Black "Homann, Arne"]
[Result "1/2-1/2"]
[WhiteElo "2085"]
[BlackElo "1709"]
[Annotator "TA"]
[PlyCount "99"]
[EventDate "2021.01.18"]
[EventType "team-tourn"]
[EventCountry "GER"]
[SourceTitle "playchess.com"]
[Source "ChessBase"]
[SourceQuality "1"]

1. e4 Nf6 2. e5 Nd5 3. Nc3 e6 4. Nf3 d6 5. exd6 Bxd6 6. Ne4 O-O 7. d4 b6 8. c3 Ba6 9. Bxa6 Nxa6 10. O-O Nb8 11. Bg5 Be7 12. Qd3 Nd7 13. Rfe1 N5f6 14. Nxf6+ Bxf6 15. Bf4 c5 16. Rad1 cxd4 17. Nxd4 Bxd4 18. Qxd4 Qf6 19. Qe3 Nc5 20. Be5 Qf5 21. b4 Na4 22. c4 Rfd8 23. Qb3 Rxd1 24. Qxd1 b5 25. cxb5 Nb6 26. a4 f6 27. Bc7 Nd5 28. Bd6 Rc8 29. Bc5 Rc7 30. h3 Kf7 31. Qb3 h5 32. a5 h4 33. b6 axb6 34. axb6 Rb7 35. Qc4 Nf4 36. Qa6 Qd5 37. f3 Nd3 38. Ra1 Nxc5 39. bxc5 Qxc5+ 40. Kh1 Qxb6 41. Qc4 Qb4 42. Qc8 Qb2 43. Re1 Re7 44. Qh8 Qf2 45. Qh5+ g6 46. Qh7+ Kf8 47. Qh8+ Kf7 48. Qh7+ Kf8 49. Qh8+ Kf7 50. Qh7+ 1/2-1/2

[Event "DSOL 2021"]
[Site "Germany"]
[Date "2021.03.22"]
[Round "7.1"]
[White "Evers, Leo"]
[Black "Lippert, Frank"]
[Result "0-1"]
[WhiteElo "2076"]
[BlackElo "1868"]
[Annotator "TA"]
[PlyCount "98"]
[EventDate "2021.01.18"]
[EventType "team-tourn"]
[EventCountry "GER"]
[SourceTitle "playchess.com"]
[Source "ChessBase"]
[SourceQuality "1"]

1. d4 Nf6 2. c4 e6 3. g3 d5 4. Nf3 Bb4+ 5. Bd2 Be7 6. Bg2 O-O 7. O-O c6 8. Qc2 b6 9. Rd1 Nbd7 10. Bf4 Bb7 11. Nc3 dxc4 12. Nd2 Nd5 13. Nxc4 Nxf4 14. gxf4 Qc7 15. e3 Rac8 16. Rac1 Rfd8 17. a3 a5 18. Ne5 c5 19. Nb5 Qb8 20. Nxd7 Rxd7 21. dxc5 Rxd1+ 22. Qxd1 Bxg2 23. Kxg2 Rd8 24. Qf3 bxc5 25. a4 g6 26. Qc6 Rd2 27. b3 Kg7 28. Qc7 Qxc7 29. Nxc7 h5 30. Na6 Bh4 31. Nxc5 Rxf2+ 32. Kh1 Bd8 33. Nd7 h4 34. h3 Rf3 35. Rc3 Rxh3+ 36. Kg2 Rg3+ 37. Kf2 g5 38. fxg5 Rxg5 39. Rc4 h3 40. Rc1 h2 41. e4 Rg4 42. Rh1 Bc7 43. e5 Rd4 44. Nc5 Bxe5 45. Nb7 Bc7 46. Kg2 Rd2+ 47. Kf1 Rc2 48. b4 axb4 49. a5 b3 0-1

[Event "DSOL 2021"]
[Site "Germany"]
[Date "2021.03.26"]
[Round "7.1"]
[White "Rieling, Thomas"]
[Black "Pougin, Elias"]
[Result "1-0"]
[WhiteElo "2069"]
[BlackElo "1838"]
[Annotator "TA"]
[PlyCount "86"]
[EventDate "2021.01.18"]
[EventType "team-tourn"]
[EventCountry "GER"]
[SourceTitle "playchess.com"]
[Source "ChessBase"]
[SourceQuality "1"]
[WhiteTeam "SC Diogenes"]
[BlackTeam "SF Gern I"]

1. e4 c5 2. Nc3 Nc6 3. g3 g6 4. Bg2 Bg7 5. d3 d6 6. f4 e6 7. Nf3 Nge7 8. O-O O-O 9. Be3 Nd4 10. e5 dxe5 11. fxe5 Nec6 12. Ne4 Nxf3+ 13. Bxf3 Nxe5 14. Bg2 Nd7 15. c3 Qc7 16. Qa4 b5 17. Qxb5 Rb8 18. Qc4 Rxb2 19. Rab1 Rxb1 20. Rxb1 Re8 21. Nxc5 Nxc5 22. Qxc5 Qxc5 23. Bxc5 Ba6 24. d4 Bc4 25. a4 a6 26. Rb6 e5 27. Bc6 Rc8 28. Bd7 Ra8 29. Kf2 exd4 30. cxd4 Bf8 31. Rc6 Bb3 32. Rc7 Bxc5 33. dxc5 Kf8 34. Ke3 Rb8 35. a5 Bc4 36. Kd4 Bb5 37. c6 Ke7 38. Kc5 Kf6 39. Rc8 Rxc8 40. Bxc8 Ke7 41. Kb6 Kd6 42. c7 f5 43. Bxf5 Kd5 1-0

[Event "DSOL 2021"]
[Site "Germany"]
[Date "2021.03.24"]
[Round "7.1"]
[White "Mueller, Peter"]
[Black "Lindhauer, Thorben"]
[Result "0-1"]
[WhiteElo "2052"]
[BlackElo "1937"]
[Annotator "TA"]
[PlyCount "78"]
[EventDate "2021.01.18"]
[EventType "team-tourn"]
[EventCountry "GER"]
[SourceTitle "playchess.com"]
[Source "ChessBase"]
[SourceQuality "1"]

1. e4 c6 2. d4 d5 3. e5 Bf5 4. h4 h5 5. c4 e6 6. Nc3 Ne7 7. Bd3 dxc4 8. Bxc4 Nd7 9. Nge2 Nb6 10. Bd3 Bxd3 11. Qxd3 Nf5 12. Bg5 Be7 13. Ne4 Nd5 14. a3 f6 15. Bd2 Qb6 16. b4 Rd8 17. Qc4 Kf7 18. O-O Nxh4 19. Nc5 Nf5 20. Rfe1 fxe5 21. dxe5 Qc7 22. Rac1 Bxc5 23. Qxc5 Qe7 24. Qc4 g5 25. b5 Rc8 26. Qa4 cxb5 27. Qxb5 a6 28. Qa5 Kg6 29. Nc3 Nxc3 30. Rxc3 Rxc3 31. Qxc3 Rd8 32. Rc1 Rd5 33. Be3 Qd7 34. Kh2 Rd3 35. Qc5 Nxe3 36. fxe3 Rd5 37. Qc2+ Kh6 38. Qe4 Qg7 39. Rc8 Qxe5+ 0-1

[Event "DSOL 2021"]
[Site "Germany"]
[Date "2021.03.24"]
[Round "7.1"]
[White "Hofmann, Lorenz"]
[Black "Riering, Berthold"]
[Result "0-1"]
[WhiteElo "2051"]
[BlackElo "1971"]
[Annotator "TA"]
[PlyCount "52"]
[EventDate "2021.01.18"]
[EventType "team-tourn"]
[EventCountry "GER"]
[SourceTitle "playchess.com"]
[Source "ChessBase"]
[SourceQuality "1"]

1. e4 c6 2. d4 d5 3. exd5 cxd5 4. Bd3 Nc6 5. c3 Nf6 6. Bf4 Bg4 7. Qb3 Qd7 8. Nd2 e6 9. Ngf3 Bd6 10. Bg3 O-O 11. Ne5 Qc7 12. f4 Bh5 13. Ndf3 Bxf3 14. gxf3 Rac8 15. Rg1 g6 16. Qd1 Nh5 17. Qd2 Ne7 18. Ke2 f6 19. Ng4 Bxf4 20. Qe1 Nf5 21. Bf2 Bxh2 22. Nxh2 Qxh2 23. Bxf5 exf5 24. Kd3 Rfe8 25. Qf1 Nf4+ 26. Kd2 Re2+ 0-1

[Event "DSOL 2021"]
[Site "Germany"]
[Date "2021.03.26"]
[Round "7.1"]
[White "Linseisen, Stefan"]
[Black "Adelberger, Georg"]
[Result "1-0"]
[WhiteElo "2047"]
[BlackElo "1981"]
[Annotator "TA"]
[PlyCount "42"]
[EventDate "2021.01.18"]
[EventType "team-tourn"]
[EventCountry "GER"]
[SourceTitle "playchess.com"]
[Source "ChessBase"]
[SourceQuality "1"]
[WhiteTeam "SF Bad Tölz"]
[BlackTeam "SC Kreuzberg I"]

1. e4 e6 2. d4 d5 3. Nd2 a6 4. Ngf3 dxe4 5. Nxe4 Bd7 6. Bd3 Bc6 7. O-O Nd7 8. c4 Be7 9. Re1 Bxe4 10. Bxe4 c6 11. d5 cxd5 12. cxd5 Nc5 13. Bc2 Qxd5 14. Qe2 Nf6 15. Be3 O-O 16. Rad1 Qc6 17. Rc1 a5 18. Nd4 Qa6 19. Nb5 Rac8 20. a4 e5 21. Bf5 Nd3 1-0

[Event "DSOL 2021"]
[Site "Germany"]
[Date "2021.03.23"]
[Round "7.1"]
[White "Schaller, Torsten"]
[Black "Atri, Jamshid"]
[Result "0-1"]
[WhiteElo "2025"]
[BlackElo "1957"]
[Annotator "TA"]
[PlyCount "118"]
[EventDate "2021.01.18"]
[EventType "team-tourn"]
[EventCountry "GER"]
[SourceTitle "playchess.com"]
[Source "ChessBase"]
[SourceQuality "1"]

1. e4 e5 2. d4 exd4 3. Nf3 Nc6 4. Bc4 Nf6 5. e5 d5 6. Bb5 Ne4 7. Nxd4 Bd7 8. Nb3 a6 9. Qxd5 Nxf2 10. O-O axb5 11. Rxf2 Qe7 12. Nc3 Nxe5 13. Re2 f6 14. Bf4 O-O-O 15. Qe4 Bc6 16. Qf5+ Qd7 17. Qxd7+ Nxd7 18. a4 bxa4 19. Nxa4 g5 20. Bg3 f5 21. Bf2 Bg7 22. Nc3 b6 23. Bd4 Bxd4+ 24. Nxd4 Bb7 25. Nxf5 Rhf8 26. Ng3 Rde8 27. Rae1 Rxe2 28. Rxe2 Kd8 29. Rf2 Rxf2 30. Kxf2 Ke7 31. Nge4 h6 32. g3 Ne5 33. h4 gxh4 34. gxh4 Nc4 35. Ng3 Kf6 36. Nd1 Ke5 37. b3 Nd6 38. Ke3 Nf5+ 39. Kf2 Nxh4 40. Ne3 Kf4 41. Ne2+ Kg5 42. Nd4 c5 43. Ne6+ Kf6 44. Nf4 Ke5 45. Nd3+ Kd4 46. Ng4 Nf5 47. Nf6 Bc6 48. Ke2 Ng3+ 49. Kd1 h5 50. Nf2 h4 51. Kd2 Ne4+ 52. N6xe4 Bxe4 53. c3+ Ke5 54. Ke3 Bg2 55. Nd3+ Kf5 56. Kf2 Be4 57. Nb2 Kf4 58. Nd1 h3 59. Kg1 Kg3 0-1

[Event "DSOL 2021"]
[Site "Germany"]
[Date "2021.03.24"]
[Round "7.1"]
[White "Schuette, Marcel"]
[Black "Scheuermann, Bernhard"]
[Result "0-1"]
[WhiteElo "2022"]
[BlackElo "2066"]
[Annotator "RC"]
[PlyCount "83"]
[EventDate "2021.01.18"]
[EventType "team-tourn"]
[EventCountry "GER"]
[SourceTitle "playchess.com"]
[Source "ChessBase"]
[SourceQuality "1"]

1. Nf3 c5 2. c4 Nc6 3. Nc3 g6 4. e3 Nf6 5. d4 cxd4 6. exd4 d5 7. cxd5 Nxd5 8. Bb5 Bg7 9. Ne5 Nxc3 10. bxc3 Bxe5 11. Bxc6+ bxc6 12. dxe5 Qxd1+ 13. Kxd1 Be6 14. Ke2 Bc4+ 15. Kf3 O-O-O 16. Re1 Rd3+ 17. Re3 Rd1 18. a4 Rhd8 19. Bb2 Rxa1 20. Bxa1 Rd2 21. Kg3 Ra2 22. Re1 Kd7 23. Rb1 Ke6 24. Rb4 Bf1 25. Bb2 a5 26. Rb7 Rxa4 27. Bc1 h5 28. h4 Rg4+ 29. Kf3 Bxg2+ 30. Ke3 Re4+ 31. Kd2 Rxe5 32. Ba3 Kf6 33. c4 Re4 34. Ra7 e5 35. Be7+ Ke6 36. c5 a4 37. Kc3 f6 38. Bd6 Rxh4 39. Re7+ Kf5 40. Rf7 Rf4 41. Bc7 Bd5 42. Rf8 0-1

[Event "DSOL 2021"]
[Site "Germany"]
[Date "2021.03.25"]
[Round "7.1"]
[White "Wiest, Leonhard"]
[Black "Krueger, Wolfgang"]
[Result "0-1"]
[WhiteElo "2020"]
[BlackElo "2088"]
[Annotator "TA"]
[PlyCount "80"]
[EventDate "2021.01.18"]
[EventType "team-tourn"]
[EventCountry "GER"]
[SourceTitle "playchess.com"]
[Source "ChessBase"]
[SourceQuality "1"]

1. f4 g6 2. Nf3 Bg7 3. g3 c5 4. Bg2 Nc6 5. O-O d6 6. e4 e6 7. c3 Nge7 8. Na3 a6 9. Nc2 O-O 10. d4 cxd4 11. Ncxd4 Nxd4 12. Nxd4 e5 13. Nf3 exf4 14. Bxf4 d5 15. Qe2 dxe4 16. Ng5 Nd5 17. Nxe4 Nxf4 18. Rxf4 Be6 19. Qf2 b6 20. Nf6+ Bxf6 21. Rxf6 Ra7 22. Re1 Rd7 23. Rexe6 fxe6 24. Rxf8+ Qxf8 25. Qe2 Qc5+ 26. Kh1 Qd6 27. Bf1 b5 28. Qe3 Kg7 29. Be2 Qd5+ 30. Kg1 Qf5 31. Kg2 Kf6 32. g4 Qg5 33. Qf2+ Ke7 34. h4 Qd5+ 35. Kh3 Qe4 36. Bf3 Qf4 37. g5 Kf7 38. a3 Kg7 39. b3 h6 40. gxh6+ Kxh6 0-1

[Event "DSOL 2021"]
[Site "Germany"]
[Date "2021.03.22"]
[Round "7.1"]
[White "Ohler, Julius"]
[Black "Derlich, Manfred"]
[Result "1-0"]
[WhiteElo "2010"]
[BlackElo "1924"]
[Annotator "TA"]
[PlyCount "91"]
[EventDate "2021.01.18"]
[EventType "team-tourn"]
[EventCountry "GER"]
[SourceTitle "playchess.com"]
[Source "ChessBase"]
[SourceQuality "1"]

1. d4 g6 2. c4 Bg7 3. Nc3 d6 4. e4 Nc6 5. Nf3 Bg4 6. Be3 e5 7. d5 Nce7 8. h3 Bd7 9. g4 Nf6 10. Qd2 h5 11. g5 Nh7 12. h4 O-O 13. Bh3 Qc8 14. Bxd7 Qxd7 15. O-O-O a6 16. Qd3 b5 17. c5 Nc8 18. c6 Qd8 19. Nd2 Rb8 20. Kb1 Nb6 21. Rc1 Re8 22. a3 Nf8 23. Na2 Nc8 24. Nb4 Ra8 25. Na2 Ne7 26. Nb3 Nh7 27. f3 Qb8 28. Na5 Nf8 29. Nb7 Ra7 30. Bxa7 Qxa7 31. Rce1 Nc8 32. Qe3 Nb6 33. Na5 Qa8 34. Nb4 Nh7 35. Rhf1 Re7 36. b3 Qc8 37. Nb7 Qa8 38. Nxd6 Bf8 39. Nb7 Re8 40. d6 a5 41. Nd5 Nxd5 42. exd5 cxd6 43. Qb6 b4 44. a4 Rc8 45. Qxa5 Qb8 46. Qxb4 1-0

[Event "DSOL 2021"]
[Site "Germany"]
[Date "2021.03.24"]
[Round "7.1"]
[White "Schlangenotto, Niklas"]
[Black "Susallek, Markus"]
[Result "0-1"]
[WhiteElo "2008"]
[BlackElo "1899"]
[Annotator "TA"]
[PlyCount "74"]
[EventDate "2021.01.18"]
[EventType "team-tourn"]
[EventCountry "GER"]
[SourceTitle "playchess.com"]
[Source "ChessBase"]
[SourceQuality "1"]

1. e4 c5 2. d4 cxd4 3. c3 dxc3 4. Nxc3 e6 5. Nf3 Nc6 6. Bc4 a6 7. O-O Nge7 8. Bg5 h6 9. Bh4 g5 10. Bg3 Ng6 11. a3 b5 12. Ba2 Nf4 13. Qd2 Nh5 14. Rac1 Nxg3 15. fxg3 Bg7 16. Qd6 Qe7 17. Nxb5 axb5 18. Rxc6 Qxd6 19. Rxd6 Bxb2 20. Rfd1 b4 21. e5 Rxa3 22. Bc4 Ra1 23. Rxa1 Bxa1 24. Rb6 Bc3 25. g4 Kd8 26. Bb3 Kc7 27. Rd6 Bb7 28. Rd3 Ra8 29. h4 gxh4 30. g5 hxg5 31. Nxg5 Ra1+ 32. Kf2 Bxe5 33. Nxf7 Bg3+ 34. Ke3 Bxg2 35. Kd4 Rc1 36. Ng5 Rc3 37. Rxc3+ bxc3 0-1

[Event "DSOL 2021"]
[Site "Germany"]
[Date "2021.03.26"]
[Round "7.1"]
[White "Gelman, Josef"]
[Black "Koop, Soeren"]
[Result "0-1"]
[WhiteElo "2007"]
[BlackElo "2110"]
[Annotator "TA"]
[PlyCount "114"]
[EventDate "2021.01.18"]
[EventType "team-tourn"]
[EventCountry "GER"]
[SourceTitle "playchess.com"]
[Source "ChessBase"]
[SourceQuality "1"]
[WhiteTeam "SC Weisse Dame"]
[BlackTeam "SC Wrist-Kellinghusen"]

1. d4 d6 2. e4 Nf6 3. Nc3 e5 4. Nf3 Nbd7 5. dxe5 dxe5 6. Bc4 Be7 7. O-O O-O 8. Qe2 c6 9. a4 a5 10. Bg5 Qc7 11. Rad1 Nc5 12. h3 Be6 13. Bh4 Rad8 14. Bg3 Nfd7 15. Bxe6 Nxe6 16. Rd2 Kh8 17. Rfd1 f6 18. Nh4 Bb4 19. Qh5 Kg8 20. Qg4 Ndc5 21. Rxd8 Rxd8 22. Nf5 Bxc3 23. Rxd8+ Qxd8 24. bxc3 Qd7 25. Bh4 g5 26. Bg3 Ng7 27. Nh6+ Kf8 28. Qf3 Qd6 29. h4 gxh4 30. Bxh4 Nd7 31. g4 Ke8 32. g5 f5 33. exf5 Qd5 34. Qg4 Nf8 35. Bg3 e4 36. Qf4 Nh5 37. Qb8+ Qd8 38. Qxb7 Qd1+ 39. Kh2 Nxg3 40. Qc8+ Qd8 41. Qxc6+ Qd7 42. Qxd7+ Nxd7 43. Kxg3 Nc5 44. g6 hxg6 45. fxg6 Kf8 46. Kf4 Nxa4 47. Kxe4 Nc5+ 48. Kf4 a4 49. Nf5 a3 50. Kg5 a2 51. Kf6 Ne4+ 52. Ke5 Nxc3 53. Kf6 Ne4+ 54. Ke5 Nxf2 55. Ke6 a1=Q 56. c4 Nd3 57. g7+ Kg8 0-1

[Event "DSOL 2021"]
[Site "Germany"]
[Date "2021.03.24"]
[Round "7.1"]
[White "Gihr, Michael"]
[Black "Lenz, Thomas"]
[Result "1-0"]
[WhiteElo "2006"]
[BlackElo "2248"]
[Annotator "TA"]
[PlyCount "135"]
[EventDate "2021.01.18"]
[EventType "team-tourn"]
[EventCountry "GER"]
[SourceTitle "playchess.com"]
[Source "ChessBase"]
[SourceQuality "1"]

1. e4 d6 2. d4 Nf6 3. Bd3 g6 4. f4 Bg7 5. Nf3 O-O 6. O-O Nbd7 7. c4 c5 8. d5 Nb6 9. Nc3 e6 10. h3 exd5 11. exd5 Re8 12. Qc2 Bd7 13. Bd2 a6 14. Rae1 Qc7 15. Nh4 Rxe1 16. Rxe1 Re8 17. Rxe8+ Bxe8 18. f5 Qe7 19. Qb3 Nc8 20. Nf3 Qd7 21. Qc2 Ne7 22. fxg6 hxg6 23. a3 Nc8 24. Ng5 Qe7 25. Qd1 Qe5 26. Nf3 Qh5 27. Qe1 Bd7 28. Qg3 Bf5 29. Be2 Ne4 30. Nxe4 Bxe4 31. Qf4 Qf5 32. Qxf5 Bxf5 33. b4 b6 34. a4 Bd7 35. b5 axb5 36. axb5 f5 37. Bf4 Kf7 38. Ng5+ Kf6 39. h4 Bh6 40. Kf2 Bg7 41. Kf3 Ke7 42. Kg3 Be5 43. Kf3 Kf6 44. Nh3 Ne7 45. Bg5+ Kf7 46. Nf4 Nc8 47. Nd3 Bf6 48. Bf4 Bg7 49. Bg5 Bf6 50. Kf4 Ne7 51. h5 gxh5 52. Bxh5+ Kg7 53. Ne1 Ng6+ 54. Bxg6 Kxg6 55. Bxf6 Kxf6 56. Nf3 Bc8 57. Ne1 Bd7 58. Nd3 Be8 59. Nb2 Bh5 60. Ke3 Ke5 61. g3 Bf7 62. Na4 Bxd5 63. cxd5 Kxd5 64. Nxb6+ Ke6 65. Kf4 d5 66. Na4 c4 67. Ke3 Kd6 68. Kd4 1-0

[Event "DSOL 2021"]
[Site "Germany"]
[Date "2021.03.22"]
[Round "7.1"]
[White "Stangl, Anita"]
[Black "Skibbe, Willi"]
[Result "0-1"]
[WhiteElo "2005"]
[BlackElo "2187"]
[Annotator "TA"]
[PlyCount "54"]
[EventDate "2021.01.18"]
[EventType "team-tourn"]
[EventCountry "GER"]
[SourceTitle "playchess.com"]
[Source "ChessBase"]
[SourceQuality "1"]

1. e4 c5 2. Nf3 Nc6 3. d4 cxd4 4. Nxd4 Nf6 5. Nc3 d6 6. Bc4 Qb6 7. Nde2 e6 8. O-O Be7 9. Bb3 O-O 10. Bg5 Na5 11. Ng3 h6 12. Be3 Qc7 13. Qe2 a6 14. f4 b5 15. f5 Nc4 16. Bc1 d5 17. exd5 exd5 18. Nh5 Bb7 19. Bxc4 dxc4 20. Bf4 Qc6 21. Nxf6+ Bxf6 22. Qg4 Rfe8 23. Kh1 h5 24. Qg3 b4 25. Nd1 Re2 26. Ne3 Re8 27. Rf2 h4 0-1

[Event "DSOL 2021"]
[Site "Germany"]
[Date "2021.03.23"]
[Round "7.1"]
[White "Simukov, Erik"]
[Black "Johannsen, Dennis"]
[Result "1-0"]
[WhiteElo "2000"]
[BlackElo "2126"]
[Annotator "TA"]
[PlyCount "97"]
[EventDate "2021.01.18"]
[EventType "team-tourn"]
[EventCountry "GER"]
[SourceTitle "playchess.com"]
[Source "ChessBase"]
[SourceQuality "1"]

1. e4 c6 2. d4 d5 3. Nd2 dxe4 4. Nxe4 Bf5 5. Ng3 Bg6 6. Nh3 e6 7. Nf4 Bd6 8. c3 Nf6 9. h4 Qc7 10. Qf3 Nbd7 11. h5 Bc2 12. h6 gxh6 13. Ngh5 O-O-O 14. Nxf6 Nxf6 15. Bd3 Bxd3 16. Nxd3 Nd5 17. Bxh6 Qe7 18. O-O-O f6 19. Rh5 Rhg8 20. g3 Rd7 21. Bd2 Nb6 22. b3 e5 23. Qf5 exd4 24. c4 Ba3+ 25. Kc2 Kb8 26. Rh6 Rg6 27. Rxg6 hxg6 28. Qxg6 Qf8 29. Rh1 Qd8 30. Bf4+ Ka8 31. Re1 Be7 32. Nc5 d3+ 33. Kd1 d2 34. Re2 Bxc5 35. Re8 Be7 36. Rxd8+ Rxd8 37. Qf7 Nc8 38. Bc7 Rd7 39. Bf4 Rd8 40. Qe6 a6 41. Bc7 Re8 42. c5 Rf8 43. b4 f5 44. Bf4 Re8 45. Qe5 Na7 46. a4 Bg5 47. Qxe8+ Nc8 48. Qxc8+ Ka7 49. Qb8# 1-0

[Event "DSOL 2021"]
[Site "Germany"]
[Date "2021.03.25"]
[Round "7.1"]
[White "Dittrich, Gunnar"]
[Black "Eilenberg, Jonas"]
[Result "0-1"]
[WhiteElo "1992"]
[BlackElo "2155"]
[Annotator "TA"]
[PlyCount "122"]
[EventDate "2021.01.18"]
[EventType "team-tourn"]
[EventCountry "GER"]
[SourceTitle "playchess.com"]
[Source "ChessBase"]
[SourceQuality "1"]

1. e4 c5 2. Nf3 Nc6 3. d4 cxd4 4. Nxd4 Nf6 5. Nc3 e5 6. Ndb5 d6 7. Bg5 a6 8. Na3 b5 9. Nd5 Be7 10. Bxf6 Bxf6 11. c3 Ne7 12. Nxf6+ gxf6 13. g3 Bb7 14. Bg2 f5 15. Qe2 h5 16. Nc2 h4 17. f4 fxe4 18. Bxe4 d5 19. O-O-O Qc7 20. Bf3 e4 21. Bg4 Qc4 22. Qxc4 bxc4 23. Ne3 Rd8 24. Rhe1 a5 25. Re2 a4 26. a3 h3 27. Red2 Rb8 28. Nf5 Nxf5 29. Bxf5 Ke7 30. g4 Kf6 31. Re1 Rbe8 32. Bd7 Ra8 33. Re3 Ke7 34. Bf5 Kf6 35. Bd7 Ke7 36. Bf5 Bc6 37. Rd1 Rab8 38. Rg1 Bd7 39. Bxd7 Kxd7 40. Rgg3 Rh4 41. f5 Rg8 42. g5 Kd6 43. g6 Ke5 44. gxf7 Rf8 45. Rxh3 Rf4 46. Rh6 Rxf5 47. Ra6 R8xf7 48. Rxa4 Rf1+ 49. Kd2 R1f2+ 50. Re2 Rxe2+ 51. Kxe2 Rh7 52. Rb4 Rxh2+ 53. Ke3 Rh3+ 54. Ke2 Kf4 55. Rb8 Rh2+ 56. Kf1 e3 57. Rf8+ Ke4 58. Rb8 e2+ 59. Ke1 Kd3 60. Re8 Rh1+ 61. Kf2 Rf1+ 0-1

[Event "DSOL 2021"]
[Site "Germany"]
[Date "2021.03.26"]
[Round "7.1"]
[White "Toellner, Uwe"]
[Black "Wartlick, Karl"]
[Result "1/2-1/2"]
[WhiteElo "1973"]
[BlackElo "1943"]
[Annotator "ChessBase"]
[PlyCount "109"]
[EventDate "2021.01.18"]
[EventType "team-tourn"]
[EventCountry "GER"]
[SourceTitle "playchess.com"]
[Source "ChessBase"]
[SourceQuality "1"]
[WhiteTeam "Eckernförder SC I"]
[BlackTeam "TSV Willsbach"]

1. c4 e6 2. g3 c5 3. Bg2 Nf6 4. Nf3 Qc7 5. O-O Be7 6. Nc3 a6 7. e3 d6 8. b3 O-O 9. Bb2 Nbd7 10. d4 b6 11. e4 cxd4 12. Nxd4 Bb7 13. Rc1 Rfe8 14. Re1 Rac8 15. f4 Bf8 16. h3 g6 17. Kh2 Qb8 18. Nc2 Bc6 19. Nb4 Bb7 20. Nd3 Qa8 21. Nf2 Qb8 22. Rc2 Bc6 23. Rce2 b5 24. e5 Nh5 25. Bxc6 Rxc6 26. cxb5 axb5 27. Rd2 dxe5 28. Rxd7 exf4 29. Nd3 fxg3+ 30. Kg2 Qc8 31. Ne4 Qxd7 32. Qxh5 Qd5 33. Qxd5 exd5 34. Nf6+ Rxf6 35. Bxf6 Ra8 36. Re2 Ra6 37. Bd4 f6 38. h4 Kf7 39. Kxg3 h5 40. Kf3 Bd6 41. Bc5 g5 42. Bxd6 Rxd6 43. Kg3 Re6 44. Rxe6 Kxe6 45. a4 bxa4 46. bxa4 Kd6 47. a5 d4 48. hxg5 fxg5 49. Kf3 h4 50. Kg4 Kc6 51. Nf2 Kb5 52. a6 Kxa6 53. Kxg5 Kb5 54. Kxh4 d3 55. Nxd3 1/2-1/2

[Event "DSOL 2021"]
[Site "Germany"]
[Date "2021.03.26"]
[Round "7.1"]
[White "Risius, Philipp"]
[Black "Royal, Shreyas"]
[Result "0-1"]
[WhiteElo "1967"]
[BlackElo "2121"]
[Annotator "TA"]
[PlyCount "74"]
[EventDate "2021.01.18"]
[EventType "team-tourn"]
[EventCountry "GER"]
[SourceTitle "playchess.com"]
[Source "ChessBase"]
[SourceQuality "1"]
[WhiteTeam "Biebertaler SF"]
[BlackTeam "SV Erkenschwick I"]

1. d4 Nf6 2. Nf3 g6 3. Nc3 d5 4. Bf4 Bg7 5. e3 O-O 6. Be2 c5 7. Ne5 Nc6 8. O-O Bf5 9. Qd2 Rc8 10. Nxc6 Rxc6 11. Bb5 Rc8 12. dxc5 Ne4 13. Nxe4 Bxe4 14. f3 Bf5 15. b4 a6 16. Ba4 Bxa1 17. Rxa1 Bd7 18. Bb3 Bc6 19. Rd1 b6 20. Qc3 Re8 21. Bh6 e5 22. e4 Qh4 23. exd5 Bxd5 24. Rxd5 Qxh6 25. Rd7 Rf8 26. Qxe5 bxc5 27. bxc5 Qg7 28. Qe3 Rce8 29. Qd2 Qa1+ 30. Kf2 Qe5 31. Qb4 Qe3+ 32. Kg3 Re5 33. c6 Rg5+ 34. Kh3 Qf2 35. g4 Qxf3+ 36. Kh4 Rb5 37. Qc4 g5+ 0-1

[Event "DSOL 2021"]
[Site "Germany"]
[Date "2021.03.25"]
[Round "7.1"]
[White "Pikal, Alexander"]
[Black "Grossmann, Piet"]
[Result "1-0"]
[WhiteElo "1958"]
[BlackElo "1902"]
[Annotator "TA"]
[PlyCount "61"]
[EventDate "2021.01.18"]
[EventType "team-tourn"]
[EventCountry "GER"]
[SourceTitle "playchess.com"]
[Source "ChessBase"]
[SourceQuality "1"]

1. Nf3 Nf6 2. d4 e6 3. c4 Bb4+ 4. Bd2 Qe7 5. Nc3 O-O 6. Qc2 d6 7. a3 Bxc3 8. Bxc3 Nbd7 9. e4 e5 10. dxe5 Nxe5 11. Nxe5 dxe5 12. Be2 b6 13. O-O Bb7 14. f3 a5 15. b4 axb4 16. axb4 Nh5 17. g3 g6 18. Qb2 f6 19. b5 Rfd8 20. Bb4 Qd7 21. Rxa8 Bxa8 22. c5 Qd4+ 23. Qxd4 Rxd4 24. Bc3 Rd8 25. c6 Ng7 26. Bc4+ Kh8 27. f4 exf4 28. Bxf6 Rf8 29. Rxf4 h6 30. Be5 Rxf4 31. gxf4 1-0